000 00277pab a2200121 454500
008 180718b2001 xxu||||| |||| 00| 0 eng d
245 _aSYMPOSIUM: Microcredit
260 _c2001
300 _ap.265-333
650 _aCredit
773 _aPolicy Studies Journal
909 _a50756
999 _c50756
_d50756